000 00525nam a2200193Ia 4500
005 20250508155027.0
008 008 250505s9999 xx 000 0 eng d
037 _aTextual
040 _aFEDL
_beng
_cFEDL
041 _aeng
_2eng
084 _a027.82, NAI
_qFEDL
100 _aNaik Chitra
_940224
245 0 _aSchool - library
260 _aMumbai, India
_bBombay Government
_c1950
300 _axi,38p
650 _aSchool libraries
_9756592
942 _cTEXL
_h027.82, NAI
999 _c1353498
_d1353498